MARC

LEADER 00000nam0a2200000 4500
001 119362
005 20231101215533.0
010 |a 528302458X 
020 |a RU  |b 90-44673 
035 |a (RuTPU)RU\TPU\book\129186 
090 |a 119362 
100 |a 20070630d1990 k a0rusy5003 ca 
101 1 |a rus  |c eng 
102 |a RU 
105 |a a z 001zy 
200 1 |a Гармоники в электрических системах  |e пер. с англ.  |f Дж. Арриллага, Д. Брэдли, П. Боджер 
210 |a Москва  |c Энергоатомиздат  |d 1990 
215 |a 319 с.  |c ил.  |d 22 см 
320 |a Библиогр.: с. 310-317. 
606 |a Электрические системы  |x Переходные процессы  |2 stltpush  |3 (RuTPU)RU\TPU\subj\27580  |9 51309 
610 1 |a колебания 
610 1 |a гармоники 
610 1 |a электроприемники 
610 1 |a измерения 
610 1 |a расчет 
610 1 |a технические средства 
610 1 |a подавление 
610 1 |a нормирование 
675 |a 621.311.018  |z rus 
700 1 |a Арриллага  |b Дж.  |4 070 
701 1 |a Брэдли  |b Д. 
701 1 |a Боджер  |b П. 
801 0 |a RU  |b RuMRKP  |c 19950417  |g psbo 
801 1 |a RU  |b 63413507  |c 20070630  |g PSBO 
801 2 |a RU  |b 63413507  |c 20180116  |g PSBO 
900 |a Электромагнитная совместимость электросилового оборудования систем электроснабжения 
900 |a Электромагнитная совместимость в электроэнергетике 
942 |c BK